00932nam a22001457a 4500003000900000005001700009008004100026040001300067100002700080245008200107250001200189260003500201300001800236520053200254IT-RoPau20220918175935.0121122b xxu||||| |||| 00| 0 eng d cIT-RoPau aAlberione Giacomocssp aPensieri.bFrammenti di spiritualità apostolica dai suoi scritti e discorsi a3° ed. aTorinobEdizioni Paolinec1977 a192 p.c20 cm aINDICE Presentazione; Coscienza della missione; Visione dinamica dell'uomo e della storia; Gesù cristo: centro del pensiero e dell'azione; Presenza della Madre di Dio; San Paolo oggi; La Parola di Dio; La Chiesa-Il Papa; Un grande problema: le vocazioni; Il Sacerdote; Il Discepolo del Divin Maestro; La donna associata allo zelo sacerdotale; Una scelta fondamentale: la vita religiosa; La preghiera; Senso costruttivo della povertà; Apostolato: emanazione dal Cristo; L'apostolato con i mezzi della comunicazione sociale.